Benchmarking the performance of design activities in construction (Record no. 105002)

MARC details
000 -LEADER
fixed length control field 01178cam a2200229 4500
001 - CONTROL NUMBER
control field ##L132067
008 - FIXED-LENGTH DATA ELEMENTS--GENERAL INFORMATION
fixed length control field 051221n2004 000 0 eng u
020 ## - INTERNATIONAL STANDARD BOOK NUMBER
International Standard Book Number 0860176185
035 ## - SYSTEM CONTROL NUMBER
System control number (Sirsi) u132067
041 0# - LANGUAGE CODE
Language code of text/sound track or separate title eng
050 04 - LIBRARY OF CONGRESS CALL NUMBER
Classification number 658.562 $2 18
100 1# - MAIN ENTRY--PERSONAL NAME
Personal name Dent, R.
245 00 - TITLE STATEMENT
Title Benchmarking the performance of design activities in construction
260 ## - PUBLICATION, DISTRIBUTION, ETC.
Place of publication, distribution, etc. London
Name of publisher, distributor, etc. CIRIA
Date of publication, distribution, etc. 2004
300 ## - PHYSICAL DESCRIPTION
Extent 69p.
Dimensions 30cm
490 #0 - SERIES STATEMENT
Series statement CIRIA
Volume/sequential designation C618
520 ## - SUMMARY, ETC.
Summary, etc. Summary version of the Construction Industry Research and Information Association Funders Report IP/34, 2003, which aimed at managing construction company design teams interested in promoting the concept of performance management within their organisations. Describes the work undertaken by CIRIA to investigate the key issues relating to performance measurement of design activities carried out by UK construction organisations. Concentrates on the conclusions drawn and recommendations for good practice and provides some background information.
690 ## - LOCAL SUBJECT ADDED ENTRY--TOPICAL TERM (OCLC, RLIN)
Topical term or geographic name as entry element Construction management
9 (RLIN) 6230
700 10 - ADDED ENTRY--PERSONAL NAME
Personal name Storey, D. J.
710 2# - ADDED ENTRY--CORPORATE NAME
Corporate name or jurisdiction name as entry element Construction Industry Research and Information Association
9 (RLIN) 4810
942 ## - ADDED ENTRY ELEMENTS (KOHA)
Suppress in OPAC 0
Holdings
Withdrawn status Lost status Source of classification or shelving scheme Damaged status Not for loan Home library Current library Shelving location Date acquired Total Checkouts Full call number Barcode Date last seen Date last checked out Copy number Price effective from Koha item type
    Dewey Decimal Classification     London London Folio 22/12/2005 3 F658.562 DEN 30071785 06/08/2019 28/07/2006 1 06/08/2019 Book